Βασικές αρχές της γενετικής και κληρονομικότητα
Saved in:
| Main Author: | |
|---|---|
| Format: | Book |
| Language: | Greek |
| Published: |
Θεσσαλονίκη :
Σύγχρονη Παιδεία,
2010.
|
| Subjects: | |
| Tags: |
Add Tag
No Tags, Be the first to tag this record!
|
MARC
| LEADER | 00000cam a2200000 a 4500 | ||
|---|---|---|---|
| 001 | 1/106812 | ||
| 008 | 150608s2010####gr | ||| |||| ||gre|| | ||
| 040 | |a GR-MyUa |b gre |c GR-MyUa |e AACR2 | ||
| 041 | 0 | |a gre | |
| 082 | 7 | |a 576.5 |2 (23) | |
| 100 | 1 | 1 | |a Μπάνος, Γεώργιος Ι. |e aut |
| 245 | 0 | 0 | |a Βασικές αρχές της γενετικής και κληρονομικότητα / |c Γεώργιος Μπάνος. |
| 260 | |a Θεσσαλονίκη : |b Σύγχρονη Παιδεία, |c 2010. | ||
| 300 | |a 176 σ. : |b πίν. ; |c 24 εκ. | ||
| 504 | |a Βιβλιογραφία: σ. 175-176. | ||
| 650 | 0 | |a Heredity. | |
| 650 | 0 | |a Genetics. | |
| 852 | |a INST |b LEMNOS |c EUDOXUS |e 20150608 |h 576.5 ΜΠΑ |p 005600001478 |q 005600001478 |t EDX |y 0 | ||
| 920 | |a Εύδοξος |b Παραγγελία |y Λήμνος-ΤΕΤΔ |z 2015-05 | ||
| 970 | |a Μοσχόβη |b Ευαγγελία |z 08-06-2015 | ||